| 000 | 00622nam a2200217 a 4500 | ||
|---|---|---|---|
| 005 | 20240919064244.0 | ||
| 008 | 991125s1986 mx 000 0 spa u | ||
| 020 | _a9684110162 | ||
| 035 | _aUPN01000014926 | ||
| 049 | _aCG | ||
| 050 | 4 |
_aPQ7297 R36 _bD44 |
|
| 100 | 1 |
_aRevueltas, José, _d1914-1976 |
|
| 245 | 1 | 0 |
_aDialéctica de la conciencia / _cJosé Revueltas ; pról. Henri Lefebvre |
| 260 |
_aMéxico : _bEra, _c1986 |
||
| 300 | _a259 p | ||
| 440 | 0 |
_aRevueltas, José. Obras completas; _v20 |
|
| 650 | 7 |
_aDialéctica _2 _915182 |
|
| 650 | 4 |
_aLiteratura mexicana _94466 |
|
| 904 |
_aAC _b014927 |
||
| 905 | _aLibro | ||
| 999 |
_c14926 _d14926 |
||